|
|
|
|
| LEADER |
00641cam a2200205 7i4500 |
| 001 |
0000040691 |
| 005 |
20170218090000.0 |
| 020 |
|
|
|a 0582253659 (pbk.)
|
| 090 |
0 |
0 |
|a TA710
|b .S239 1984
|
| 100 |
1 |
|
|a Smith, M. J
|
| 245 |
1 |
0 |
|a Soil mechanics
|c M. J. Smith.
|
| 250 |
|
|
|a 4th ed.
|
| 260 |
|
|
|a London:
|b English Language Book Society,
|c 1984.
|
| 300 |
|
|
|a vi, 168 p.:
|b ill.;
|c 22 cm.
|
| 500 |
|
|
|a Includes index
|
| 650 |
0 |
0 |
|a Soil mechanics
|
| 997 |
|
|
|a Engineering, Faculty
|b Engineering, Department
|
| 998 |
|
|
|a Mechanical Engineering, Degree
|
| 998 |
|
|
|a Civil Engineering, Degree
|
| 999 |
|
|
|a 0000020029
|b BOK
|c OPEN SHELF
|e 2nd Floor, Bestari Jaya
|